ბათუმის შოთა რუსთაველის სახელმწიფო უნივერსიტეტის ბიბლიოთეკა

Лаборант нефтяной и газовой лаборатории. (ბიბ.ჩანაწერი № 38260)

000 -LEADER
fixed length control field 00595nam a2200205Ia 4500
001 - CONTROL NUMBER
control field 4250
003 - CONTROL NUMBER IDENTIFIER
control field GE_BSU
008 - FIXED-LENGTH DATA ELEMENTS--GENERAL INFORMATION
fixed length control field 181216s||||||||xx |||||||||||||| ||und||
040 ## - CATALOGING SOURCE
Transcribing agency GE_BSU
080 ## - UNIVERSAL DECIMAL CLASSIFICATION NUMBER
Universal Decimal Classification number 665.61.03
100 ## - MAIN ENTRY--PERSONAL NAME
Personal name Боровая,М.С.
245 ## - TITLE STATEMENT
Title Лаборант нефтяной и газовой лаборатории.
245 ## - TITLE STATEMENT
Statement of responsibility, etc. Вед. ред. В.Г. Котикова.
260 ## - PUBLICATION, DISTRIBUTION, ETC.
Place of publication, distribution, etc. М.
260 ## - PUBLICATION, DISTRIBUTION, ETC.
Name of publisher, distributor, etc. Недра.
260 ## - PUBLICATION, DISTRIBUTION, ETC.
Date of publication, distribution, etc. 1968.
300 ## - PHYSICAL DESCRIPTION
Extent 309стр.21см.
653 ## - INDEX TERM--UNCONTROLLED
Uncontrolled term Лаборант нефтяной и газовой лаборатории.
942 ## - ADDED ENTRY ELEMENTS (KOHA)
Koha item type წიგნი
ეგზემპლარები
Withdrawn status Lost status Damaged status Not for loan Date acquired Barcode Date last seen Price effective from Koha item type Public note
        2018-12-17 9536 2018-12-17 2018-12-17 წიგნი საცავი